|
|
|
|
| LEADER |
00000nab a2200000u 4500 |
| 001 |
vtls012134081 |
| 003 |
SK-MaSNL |
| 005 |
20260303100335.0 |
| 008 |
220509|2022 xo ||||||| ||00 ||slo| |
| 038 |
|
|
|a KEVKJB
|
| 040 |
|
|
|a KEVKJB
|b slo
|e rda
|
| 041 |
0 |
|
|a slo
|
| 043 |
|
|
|a e-xo---
|
| 044 |
|
|
|a xo
|c SK
|
| 072 |
|
7 |
|a 72
|x Architektúra
|2 konspekt
|
| 080 |
|
|
|a 725.1:613.47-026.912
|2 2011
|
| 100 |
1 |
|
|a Sabo, Kristián
|4 aut
|9 872655
|
| 245 |
1 |
0 |
|a Utečenci či relax? Keď chce Čehačko otvoriť bazény, musí centrum ustúpiť
|b ak nastane ďalšia migračná vlna, potreby Košičanov zrejme pôjdu bokom
|c Kristián Sabo
|
| 300 |
|
|
|b Fotografie
|
| 336 |
|
|
|a text
|b txt
|2 rdacontent
|
| 337 |
|
|
|a bez média
|b n
|2 rdamedia
|
| 338 |
|
|
|a zväzok
|b nc
|2 rdacarrier
|
| 610 |
2 |
7 |
|a Červená hviezda (kúpalisko : Košice, Slovensko)
|2 kevkjb
|9 1087451
|
| 650 |
0 |
7 |
|a kúpaliská
|2 SNKPH
|9 4394
|
| 651 |
|
7 |
|a Košice (Slovensko)
|2 SNKPHgeo
|9 18694
|
| 773 |
0 |
|
|t Košický večer
|g Roč. 55, č. 18 (2022), s. 5
|x 1336-5320
|
| 852 |
|
|
|a KEVKJB
|b KIS3GCP
|
| 856 |
4 |
1 |
|u https://kosice.korzar.sme.sk/c/22901235/blizi-sa-letna-sezona-na-cehacku-hotspot-pre-utecencov-moze-skoncit.html
|
| 999 |
|
|
|c 1832706
|d 1834636
|